000 00706nam a2200289Ia 4500
005 20260324122653.0
008 008 260324s9999 xx 000 0 eng d
020 _a9780203813218
037 _aEBOOK
040 _aCRL
040 _beng
040 _cCRL
041 _2eng
041 _aeng
084 _qCRL
100 _aDavid Held; Kristian Ulrichsen
_91167347
245 4 _aThe Transformation of the Gulf
245 0 _bPolitics, Economics and the Global Order
260 _bTaylor and Francis
260 _c2012
365 _a
365 _b290
856 _uhttp://www.taylorfrancis.com/books/9780203813218
942 _cEBOOK
999 _c1760277
_d1760277